Statistics for Thor: The Dark World (2013): Random Characters

Click here to take the quiz!

General Stats

  • This quiz has been taken 6 times
  • The average score is 3 of 15

Answer Stats

HintAnswer% Correct
Benicio Del ToroThe Collector
100%
Stan LeeStan Lee
60%
Tony CurranBor
20%
Alice KrigeEir
20%
Jonathan HowardIan Boothby
20%
Chris O'DowdRichard
20%
Steve ScottSteve Scott
20%
Clive RussellTyr
20%
Rosie O'SullivanGunnhild
0%
Roshawn FranklinJenson
0%
Ramone MorganJohn
0%
Richard WhitenKemper
0%
Imaan ChentoufMaddie
0%
Obada AlassadiNavid
0%
Leonardo AmatoSel
0%

Score Distribution

Percentile by Number Answered

Percent of People with Each Score

Your Score History

You have not taken this quiz